|
|
|
|
| LEADER |
01281nam a2200289 a 4500 |
| 001 |
16848506 |
| 008 |
110629s2011 nyua b 001 0 eng |
| 010 |
|
|
|a 2011933231
|
| 020 |
|
|
|a 9783642229213 (soft cover : alk. paper)
|
| 020 |
|
|
|a 3642229212 (soft cover : alk. paper)
|
| 040 |
|
|
|a DLC
|c DLC
|d BD-DhAAL
|
| 042 |
|
|
|a pcc
|
| 082 |
0 |
4 |
|a 005.753
|2 23
|
| 245 |
0 |
0 |
|a Advances in spatial and temporal databases :
|b 12th International Symposium, SSTD 2011, Minneapolis, MN, USA, August 24-26, 2011. proceedings /
|c [edited by] Dieter Pfoser, Yufei Tao, Kyriakos Mouratidis.
|
| 250 |
|
|
|a 1st ed.
|
| 260 |
|
|
|a New York :
|b Springer,
|c 2011.
|
| 300 |
|
|
|a xix, 518 p. :
|b ill ;
|c 25 cm.
|
| 490 |
0 |
|
|a Lecture notes in computer science ;
|v 6849
|
| 504 |
|
|
|a Includes bibliographical references and index.
|
| 541 |
|
|
|e 00025020
|
| 500 |
|
|
|a Conference proceedings
|
| 650 |
|
0 |
|a Database management
|v Congresses
|
| 650 |
|
0 |
|a Geographic information systems
|v Congresses
|
| 650 |
|
0 |
|a Temporal databases
|v Congresses
|
| 852 |
1 |
|
|a Ayesha Abed Library
|c General shelf.
|
| 999 |
|
|
|c 12092
|d 12092
|
| 952 |
|
|
|0 0
|1 0
|2 ddc
|4 0
|6 005_753000000000000_ADV
|7 0
|9 20060
|a BRACUL
|b BRACUL
|c GEN
|d 2012-04-17
|e karim International
|g 6860.00
|l 1
|m 16
|o 005.753 ADV
|p 3010025020
|r 2015-05-05
|s 2015-01-28
|t 1
|w 2012-04-19
|y BK
|